Religions de l'antiquité considerées principalement dans leurs formes symboliques et mythologiques / (Record no. 47854)

MARC details
000 -LEADER
campo de control de longitud fija 00643nam a2200169 i 4500
001 - NÚMERO DE CONTROL
campo de control 47854
003 - IDENTIFICADOR DE NÚMERO DE CONTROL
campo de control ES-MaACL
005 - FECHA Y HORA DE LA ÚLTIMA TRANSACCIÓN
campo de control 20230906161639.0
007 - CAMPO FIJO DE DESCRIPCIÓN FÍSICA--INFORMACIÓN GENERAL
campo de control de longitud fija t|
008 - DATOS DE LONGITUD FIJA--INFORMACIÓN GENERAL
campo de control de longitud fija 030612s18251841fr ||||1| fre d
100 1# - ENTRADA PRINCIPAL--NOMBRE DE PERSONA
Nombre de persona Creuzer, Fréderic.
9 (RLIN) 41579
245 10 - MENCIÓN DEL TÍTULO
Título Religions de l'antiquité considerées principalement dans leurs formes symboliques et mythologiques /
Mención de responsabilidad, etc. ouvrage traduit de l'allemand du Dr. Fréderic Creuzer ; refundu en partie, completé et developpé par J. D. Guigniaut.
260 ## - PUBLICACIÓN, DISTRIBUCIÓN, ETC.
Lugar de publicación, distribución, etc. Paris :
Nombre del editor, distribuidor, etc. [s.n.],
Fecha de publicación, distribución, etc. 1825-1841 (
Fabricante Rignoux)
300 ## - DESCRIPCIÓN FÍSICA
Extensión 10 v. ;
Dimensiones 21 cm.
700 1# - ENTRADA AGREGADA--NOMBRE PERSONAL
Nombre de persona Guigniaut, J. D.
9 (RLIN) 60666
852 ## - LOCALIZACIÓN
Ubicación ES-MaACL
Número de control de estantería F-7139-48
Holdings
Estatus retirado Estado de pérdida Estado de daño No para préstamo Colección Biblioteca de origen Biblioteca actual Ubicación en estantería Fecha de adquisición Fuente de adquisición Total de préstamos Signatura topográfica completa Código de barras Visto por última vez Precio de reemplazo Tipo de ítem Koha
        Libros del s. XIX Biblioteca del Ateneo de Madrid Biblioteca del Ateneo de Madrid Depósito 2 17/01/2008     F-7139-48 1050358 23/02/2023 23/02/2023 Libro impreso antiguo